National infrastructure plan 2010 (Record no. 111322)

MARC details
000 -LEADER
fixed length control field 00874cad a22001935a 4500
001 - CONTROL NUMBER
control field L151375
008 - FIXED-LENGTH DATA ELEMENTS--GENERAL INFORMATION
fixed length control field 101028s2010 xxk f 000 0 eng d
035 ## - SYSTEM CONTROL NUMBER
System control number (Sirsi) u151375
041 0# - LANGUAGE CODE
Language code of text/sound track or separate title eng
110 2# - MAIN ENTRY--CORPORATE NAME
Corporate name or jurisdiction name as entry element United Kingdom
Subordinate unit HM Treasury
245 00 - TITLE STATEMENT
Title National infrastructure plan 2010
Medium [electronic resource]
260 ## - PUBLICATION, DISTRIBUTION, ETC.
Place of publication, distribution, etc. London
Name of publisher, distributor, etc. HM Treasury
Date of publication, distribution, etc. 2010
520 ## - SUMMARY, ETC.
Summary, etc. Government's vision for UK economic infrastructure future. Focuses on the systems and networks including energy, transport and waste management that provide key infrastructure and outlines the major investment that is needed to underpin sustainable growth.
590 ## - LOCAL NOTE (RLIN)
Local note KA NTK
651 #4 - SUBJECT ADDED ENTRY--GEOGRAPHIC NAME
Geographic name United Kingdom
Chronological subdivision
690 ## - LOCAL SUBJECT ADDED ENTRY--TOPICAL TERM (OCLC, RLIN)
Topical term or geographic name as entry element PROPERTY-INFRASTRUCTURE
856 40 - ELECTRONIC LOCATION AND ACCESS
Uniform Resource Identifier <a href="https://www.hm-treasury.gov.uk/d/nationalinfrastructureplan251010.pdf">https://www.hm-treasury.gov.uk/d/nationalinfrastructureplan251010.pdf</a>
Public note View the document free of charge at www.hm-treasury.gov.uk
942 ## - ADDED ENTRY ELEMENTS (KOHA)
Suppress in OPAC 0
Holdings
Withdrawn status Lost status Source of classification or shelving scheme Damaged status Not for loan Home library Current library Shelving location Date acquired Total Checkouts Full call number Barcode Date last seen Copy number Price effective from Koha item type
    Dewey Decimal Classification     Virtual Virtual Online 28/10/2010   ONLINE PUBLICATION 151375-2001 06/08/2019 1 06/08/2019 Book